00376 a2200097 4500001001000000005001700010008004100027245011300068100002100181773007600202ART_4185120260410162024.0260409a 10a¿Cuánto vivieron los nacidos a fines del siglo XIX y cuánto vivirán los nacidos a fines del siglo XX?1 aSacco, Nicolás0 tNotas de poblacióng- Año XLIII, Nº 103 (jul./dic. 2016)wREV41841